| 000 | 00486nam a2200157 i 4500 | ||
|---|---|---|---|
| 001 | 96084 | ||
| 003 | ES-MaACL | ||
| 005 | 20230906181833.0 | ||
| 008 | 050610s1910 sp |||| | spa d | ||
| 100 | 1 |
_aMadinaveitia, Juan. _975323 |
|
| 245 | 1 | 0 |
_aFisiología patológica de la digestión / _cJuan Madinaveitia. |
| 260 |
_aMadrid : _b[s.n.], _c1910 ( _fImp. de Fortanet) |
||
| 300 |
_a306 p. ; _c23 cm. |
||
| 650 | 0 | 4 |
_aAparato digestivo- _xEnfermedades. _99906 |
| 852 |
_aES-MaACL _jF-13319 |
||
| 999 |
_c96084 _d96084 |
||